Online marketingová stratégia cestovateľského blogu diplomová práca

Na minha lista:
Detalhes bibliográficos
Autor principal: Belaníková, Barbora
Autor Corporativo: Obchodná fakulta EU. Katedra marketingu
Outros Autores: Oláh, Ľuboš
Formato: Livro
Idioma:eslovaco
Publicado em: Bratislava 2018
Tags: Adicionar Tag
Sem tags, seja o primeiro a adicionar uma tag!

MARC

LEADER 00000nbm a2200000 4500
001 0243422
005 20180817101806.5
041 0 |a slo 
044 |a SK 
245 1 0 |a Online marketingová stratégia cestovateľského blogu  |b diplomová práca  |c Barbora Belaníková ; školiteľ: Ľuboš Oláh 
264 1 |a Bratislava  |c 2018 
300 |a 73 s. 
100 1 |a Belaníková, Barbora 
700 1 |a Oláh, Ľuboš 
710 2 |a Obchodná fakulta EU. Katedra marketingu